The norton anthology of English literature, volume 1/ (Record no. 8293)
[ view plain ]
| 000 -LEADER | |
|---|---|
| fixed length control field | 00504nam a2200157 4500 |
| 008 - FIXED-LENGTH DATA ELEMENTS--GENERAL INFORMATION | |
| fixed length control field | 180117b xxu||||| |||| 00| 0 eng d |
| 020 ## - INTERNATIONAL STANDARD BOOK NUMBER | |
| International Standard Book Number | 0-393-95469-2. |
| 082 ## - DEWEY DECIMAL CLASSIFICATION NUMBER | |
| Edition number | 1986 |
| Classification number | DC 820.8 |
| Item number | N82 |
| 245 ## - TITLE STATEMENT | |
| Title | The norton anthology of English literature, volume 1/ |
| Statement of responsibility, etc. | Edited by M. H. Abrams. |
| 250 ## - EDITION STATEMENT | |
| Edition statement | FIFTH EDITION |
| 260 ## - PUBLICATION, DISTRIBUTION, ETC. (IMPRINT) | |
| Place of publication, distribution, etc. | New York: |
| Name of publisher, distributor, etc. | W. W. Norton & Company, |
| Date of publication, distribution, etc. | ©1986. |
| 300 ## - PHYSICAL DESCRIPTION | |
| Extent | xxxxviii, 2,616 pages; |
| Dimensions | 22 cm. |
| 500 ## - GENERAL NOTE | |
| General note | Includes index. |
| 650 #0 - SUBJECT ADDED ENTRY--TOPICAL TERM | |
| 9 (RLIN) | 25644 |
| Topical term or geographic name as entry element | English literature. |
| 942 ## - ADDED ENTRY ELEMENTS (KOHA) | |
| Source of classification or shelving scheme | Dewey Decimal Classification |
| Koha item type | Circulation |
| Withdrawn status | Lost status | Source of classification or shelving scheme | Damaged status | Not for loan | Collection code | Home library | Current library | Date acquired | Source of acquisition | Total Checkouts | Full call number | Barcode | Date last seen | Copy number | Price effective from | Koha item type |
|---|---|---|---|---|---|---|---|---|---|---|---|---|---|---|---|---|
| Dewey Decimal Classification | Circulation | UM Digos College - LIC | UM Digos College - LIC | 05/10/1995 | Purchased | DC 820.8 N82 1986 | 11839 | 05/15/2025 | 1 | 01/17/2018 | Circulation |
